<?xml version="1.0" encoding="UTF-8"?>
<record
    xmlns:xsi="http://www.w3.org/2001/XMLSchema-instance"
    xsi:schemaLocation="http://www.loc.gov/MARC21/slim http://www.loc.gov/standards/marcxml/schema/MARC21slim.xsd"
    xmlns="http://www.loc.gov/MARC21/slim">

  <leader>06091nam a2200577Ia 4500</leader>
  <controlfield tag="001">5512</controlfield>
  <controlfield tag="008">241029s9999    xx            000 0 und d</controlfield>
  <datafield tag="010" ind1=" " ind2=" ">
    <subfield code="a">5205</subfield>
  </datafield>
  <datafield tag="041" ind1=" " ind2=" ">
    <subfield code="a">Espa&#xF1;ol</subfield>
  </datafield>
  <datafield tag="082" ind1=" " ind2=" ">
    <subfield code="a">NO APLICA</subfield>
  </datafield>
  <datafield tag="245" ind1=" " ind2="0">
    <subfield code="a">Alternativa metodol&#xF3;gica para la capacitaci&#xF3;n de los docentes de Educaci&#xF3;n F&#xED;sica que laboran en el Liceo Vespertino Pedro Henr&#xED;quez Ure&#xF1;a del Distrito Educativo 0205 San Juan Este, a&#xF1;o escolar 2014-2015.</subfield>
  </datafield>
  <datafield tag="260" ind1=" " ind2=" ">
    <subfield code="a">San Juan</subfield>
  </datafield>
  <datafield tag="300" ind1=" " ind2=" ">
    <subfield code="a">69</subfield>
  </datafield>
  <datafield tag="520" ind1=" " ind2=" ">
    <subfield code="a">52</subfield>
  </datafield>
  <datafield tag="630" ind1=" " ind2=" ">
    <subfield code="a">Capacitaci&#xF3;n Docente</subfield>
  </datafield>
  <datafield tag="630" ind1=" " ind2=" ">
    <subfield code="a">Competencia Pedag&#xF3;gica</subfield>
  </datafield>
  <datafield tag="630" ind1=" " ind2=" ">
    <subfield code="a">Formaci&#xF3;n Profesional de Maestros</subfield>
  </datafield>
  <datafield tag="630" ind1=" " ind2=" ">
    <subfield code="a">Metodolog&#xED;a de Ense&#xF1;anza</subfield>
  </datafield>
  <datafield tag="630" ind1=" " ind2=" ">
    <subfield code="a">Propuesta Metodol&#xF3;gica</subfield>
  </datafield>
  <datafield tag="650" ind1=" " ind2=" ">
    <subfield code="a">Educaci&#xF3;n F&#xED;sica</subfield>
  </datafield>
  <datafield tag="690" ind1=" " ind2=" ">
    <subfield code="a">Sintetizado</subfield>
  </datafield>
  <datafield tag="700" ind1=" " ind2=" ">
    <subfield code="e">asesor</subfield>
    <subfield code="a"> Beras, Jos&#xE9; Rafael </subfield>
  </datafield>
  <datafield tag="700" ind1=" " ind2=" ">
    <subfield code="e">autor</subfield>
    <subfield code="a">De los Santos Paniagua , Sandra Francisca</subfield>
  </datafield>
  <datafield tag="700" ind1=" " ind2=" ">
    <subfield code="e">autor</subfield>
    <subfield code="a"> Paniagua Herrera , M&#xE1;ximo Antonio </subfield>
  </datafield>
  <datafield tag="901" ind1=" " ind2=" ">
    <subfield code="a">{"1":"De los Santos Paniagua ","2":" Paniagua Herrera "}</subfield>
    <subfield code="b">{"1":"Sandra Francisca","2":"M&#xE1;ximo Antonio "}</subfield>
  </datafield>
  <datafield tag="902" ind1=" " ind2=" ">
    <subfield code="a">1</subfield>
  </datafield>
  <datafield tag="903" ind1=" " ind2=" ">
    <subfield code="a">{"1":" Beras"}</subfield>
    <subfield code="b">{"1":"Jos&#xE9; Rafael "}</subfield>
  </datafield>
  <datafield tag="904" ind1=" " ind2=" ">
    <subfield code="a">Maestr&#xED;a Profesionalizante en</subfield>
  </datafield>
  <datafield tag="905" ind1=" " ind2=" ">
    <subfield code="a">Pedagog&#xED;a de la Educaci&#xF3;n F&#xED;sica</subfield>
  </datafield>
  <datafield tag="906" ind1=" " ind2=" ">
    <subfield code="a">2</subfield>
  </datafield>
  <datafield tag="907" ind1=" " ind2=" ">
    <subfield code="a">NO APLICA</subfield>
  </datafield>
  <datafield tag="908" ind1=" " ind2=" ">
    <subfield code="a">NO APLICA</subfield>
  </datafield>
  <datafield tag="909" ind1=" " ind2=" ">
    <subfield code="a">Universidad Aut&#xF3;noma de Santo Domingo (UASD)</subfield>
  </datafield>
  <datafield tag="910" ind1=" " ind2=" ">
    <subfield code="a">NULL</subfield>
    <subfield code="b">NULL</subfield>
  </datafield>
  <datafield tag="911" ind1=" " ind2=" ">
    <subfield code="a">["1"]</subfield>
  </datafield>
  <datafield tag="912" ind1=" " ind2=" ">
    <subfield code="a">NO APLICA</subfield>
  </datafield>
  <datafield tag="913" ind1=" " ind2=" ">
    <subfield code="a">NULL</subfield>
  </datafield>
  <datafield tag="914" ind1=" " ind2=" ">
    <subfield code="a">02 de Febrero de 2015</subfield>
  </datafield>
  <datafield tag="915" ind1=" " ind2=" ">
    <subfield code="a">31/10/19 10:10</subfield>
  </datafield>
  <datafield tag="916" ind1=" " ind2=" ">
    <subfield code="a">NULL</subfield>
  </datafield>
  <datafield tag="917" ind1=" " ind2=" ">
    <subfield code="a">NULL</subfield>
  </datafield>
  <datafield tag="918" ind1=" " ind2=" ">
    <subfield code="a">NO APLICA</subfield>
  </datafield>
  <datafield tag="919" ind1=" " ind2=" ">
    <subfield code="a">["30","38","109","139","216"]</subfield>
  </datafield>
  <datafield tag="520" ind1=" " ind2=" ">
    <subfield code="a">El estudio plante&#xF3; como objetivo principal, proponer una alternativa metodol&#xF3;gica para la capacitaci&#xF3;n de los docentes de Educaci&#xF3;n F&#xED;sica que laboran en el Liceo Vespertino Pedro Henr&#xED;quez Ure&#xF1;a del Distrito Educativo 02-05 San Juan Este, a&#xF1;o escolar 2014-2015.&#xA0;El enfoque fue de corte mixto (cualitativo y cuantitativo), se utiliz&#xF3; el m&#xE9;todo sist&#xE9;mico, an&#xE1;lisis, emp&#xED;rico, te&#xF3;ricos, estad&#xED;stico y matem&#xE1;ticos. Las t&#xE9;cnicas utilizadas en la recopilaci&#xF3;n fueron revisi&#xF3;n literaria, encuestas, lecturas dirigidas, visitas y consultas a portales electr&#xF3;nicos, estad&#xED;stica descriptiva.La poblaci&#xF3;n estuvo compuesta por 1 director, 48 profesores y 1,098 estudiantes y la muestra seleccionada fue de 1 un director, 6 profesores y 120 estudiantes.El estudio concluy&#xF3; que, la totalidad de los docentes bajo estudio pertenece al sexo masculino y la mitad de estos tienen entre 25 a 30 a&#xF1;os de edad. Un solo docente de los seis es Licenciado en Educaci&#xF3;n F&#xED;sica y el 50 por ciento tiene m&#xE1;s de 10 a&#xF1;os en servicio e impartiendo la asignatura, el mismo tiempo.&#xA0;Todos los docentes entienden que la Educaci&#xF3;n F&#xED;sica es importante para el desarrollo integral de los ni&#xF1;os. Adem&#xE1;s, trabajan con estos de manera regular: el baloncesto, el atletismo, los ejercicios, voleibol y las marchas. Aunque consideran que para el desarrollo de la docencia enfrentan obst&#xE1;culos como: la falta de materiales y equipos. Adem&#xE1;s de los escases de textos, materiales de apoyo y existe poca motivaci&#xF3;n de los alumnos.&#xA0;Adem&#xE1;s realiza siempre las planificaciones para el desarrollo de los aspectos cuantitativos de las habilidades motrices deportivas y gimn&#xE1;sticas, se interesa por practicar la Educaci&#xF3;n F&#xED;sica, el Deporte y la Recreaci&#xF3;n en la comunidad de sus estudiantes, proyecta h&#xE1;bitos y actitudes en sus actividades del tiempo libre en el n&#xFA;cleo social al que pertenece.&#xA0;Con respecto al &#xFA;ltimo rengl&#xF3;n, el de higiene y salud: los pedagogos objeto de estudio siempre prestan atenci&#xF3;n a los defectos posturales de sus estudiantes y la mayor&#xED;a (66.7%) conversa a sus estudiantes sobre los efectos nocivos de sustancias sicot&#xF3;nicas.&#xA0;En el Liceo Vespertino Pedro Henr&#xED;quez Ure&#xF1;a se desarrolla el programa de formaci&#xF3;n y capacitaci&#xF3;n docente con el objetivo de tener buenos y docentes de Educaci&#xF3;n F&#xED;sica. El 90 % de estos han sido capacitados en el uso de las TIC, curso de marcha, capacitaci&#xF3;n de verano y planificaci&#xF3;n. Los mismos se capacitan cada vez que el Instituto de Educaci&#xF3;n F&#xED;sica INEFI y el Distrito Educativo 02-05 lo organiza, con una duraci&#xF3;n entre 1 d&#xED;a a 1 semana. Aunque los docentes afirman que la capacitaci&#xF3;n no es suficiente, debido se necesita m&#xE1;s capacitaci&#xF3;n para un mejor rendimiento. &#xA0;El programa de capacitaci&#xF3;n y formaci&#xF3;n debe de realizarse con mayor como frecuencia diplomados, talleres con t&#xE9;cnicos nacionales y locales de manera exclusiva a los docentes de Educaci&#xF3;n F&#xED;sica. Los mismos deben ser desarrollados por facilitadores que est&#xE9;n preparados y calificados. Dentro de los diplomados que se necesita impartir a los docentes de Educaci&#xF3;n F&#xED;sica estas: fisiolog&#xED;a, medicina deportiva, did&#xE1;ctica en la educaci&#xF3;n f&#xED;sica y psicomotricidad. &#xA0;El estudio recomend&#xF3;, al Distrito Educativo, apoyar a los centros educativos para que los docentes en cumplir con su labor de ense&#xF1;ar en el &#xE1;rea de Educaci&#xF3;n F&#xED;sica. Garantizar a los centros educativos que los profesores de Educaci&#xF3;n F&#xED;sica est&#xE1;n capacitados para impartir correctamente la asignatura.&#xA0;Al Liceo Vespertino Pedro Henr&#xED;quez Ure&#xF1;a, tener preparados los equipos que el docente necesite para la ense&#xF1;anza de los diferentes temas y no solo de algunos en espec&#xED;fico. Confirmar que el docente realmente est&#xE1; ense&#xF1;ando los temas necesarios para el buen aprendizaje del estudiante.&#xA0;A los docentes de Educaci&#xF3;n F&#xED;sica, planificar previamente los t&#xF3;picos a tratar en su &#xE1;rea de trabajo. Actualizarse con los nuevos cambios que exige el curr&#xED;culo dominicano. Trabajar arduamente con sus estudiantes los ejercicios, marchas y diferentes deportes. Elaborar un banco de temas en lo que estos sienten que poseen debilidades. &#xA0;A la Universidad Aut&#xF3;noma de Santo Domingo, actualizar el Pensum de Educaci&#xF3;n F&#xED;sica con relaci&#xF3;n a las asignaturas que existe deficiencia.&#xA0;</subfield>
  </datafield>
  <datafield tag="921" ind1=" " ind2=" ">
    <subfield code="a">50</subfield>
  </datafield>
  <datafield tag="922" ind1=" " ind2=" ">
    <subfield code="a">50</subfield>
  </datafield>
  <datafield tag="923" ind1=" " ind2=" ">
    <subfield code="a">0</subfield>
  </datafield>
  <datafield tag="924" ind1=" " ind2=" ">
    <subfield code="a">NO APLICA</subfield>
  </datafield>
  <datafield tag="942" ind1=" " ind2=" ">
    <subfield code="c">Tesis</subfield>
  </datafield>
  <datafield tag="999" ind1=" " ind2=" ">
    <subfield code="c">5205</subfield>
    <subfield code="d">5205</subfield>
  </datafield>
</record>
